Parasite and Disease Spread by Major Rivers on Earth Past and Future Perspectives /

Rivers are the "blood vessels" of all living organisms on earth - they live in the water, drink the water or use it to spread into new regions in order to avoid overcrowding in specific locations. Since the early beginnings of human life on earth, riverbanks have been used as settlement si...

Full description

Bibliographic Details
Corporate Author: SpringerLink (Online service)
Other Authors: Mehlhorn, Heinz (Editor, http://id.loc.gov/vocabulary/relators/edt), Klimpel, Sven (Editor, http://id.loc.gov/vocabulary/relators/edt)
Format: Electronic eBook
Language:English
Published: Cham : Springer International Publishing : Imprint: Springer, 2019.
Edition:1st ed. 2019.
Series:Parasitology Research Monographs, 12
Subjects:
Online Access:Full Text via HEAL-Link
LEADER 05075nam a2200589 4500
001 978-3-030-29061-0
003 DE-He213
005 20191113021203.0
007 cr nn 008mamaa
008 191112s2019 gw | s |||| 0|eng d
020 |a 9783030290610  |9 978-3-030-29061-0 
024 7 |a 10.1007/978-3-030-29061-0  |2 doi 
040 |d GrThAP 
050 4 |a QR251-255 
072 7 |a MMFP  |2 bicssc 
072 7 |a MED103000  |2 bisacsh 
072 7 |a MKFP  |2 thema 
082 0 4 |a 616.96  |2 23 
245 1 0 |a Parasite and Disease Spread by Major Rivers on Earth  |h [electronic resource] :  |b Past and Future Perspectives /  |c edited by Heinz Mehlhorn, Sven Klimpel. 
250 |a 1st ed. 2019. 
264 1 |a Cham :  |b Springer International Publishing :  |b Imprint: Springer,  |c 2019. 
300 |a XI, 454 p. 233 illus., 227 illus. in color.  |b online resource. 
336 |a text  |b txt  |2 rdacontent 
337 |a computer  |b c  |2 rdamedia 
338 |a online resource  |b cr  |2 rdacarrier 
347 |a text file  |b PDF  |2 rda 
490 1 |a Parasitology Research Monographs,  |x 2192-3671 ;  |v 12 
505 0 |a Chapter 1: Important rivers and their worldwide contributions to epidemics on earth -- Chapter 2: Conquering the God of Plague in China: a tale of over 60 years -- Chapter 3: Cholera (Blue skin disease) and its history -- Chapter 4: Spreading of cholera along rivers in early times of the USA before detection of the agents of disease -- Chapter 5: Human cercarial dermatitis (HCD) or swimmer's itch along rivers and lakes -- Chapter 6: Blood sucking leeches - not only nasty but also dangerous and helpful -- Chapter 7: Important foodbornetrematodiases in Lower Mekong River Basin -- Chapter 8: Important protozoan diseases in Lower Mekong River Basin -- Chapter 9: Free-living amoebae and associated drug resistant bacteria in surface waters-A public health concern? -- Chapter 10. Nile River, Impact on Human Health in Egypt from Pharaohs until now -- Chapter 11: Epidemic status of schistosomiasis control in Guangdong province. Chapter 12: Konna - a help for a self-help project at the Niger River in Mali -- Chapter 13: Leishmaniasis in Israel and Palestinian territories -- Chapter 14: Past and present of tropical diseases in the Amazon river -- Chapter 15: Brazil's big river projects and their impact on the occurrence of tropical diseases -- Chapter 16: The major rivers and the genesis of the recent area of ticks Ixodes persulcatus in Western Siberia -- Chapter 17: The Main River and Main-Danube Canal - a hub for Ponto-Caspian parasite invasion -- Chapter 18: "Father Rhine" - from the Alps to the North Sea -- Chapter 19: The River Rhine as hotspot of parasite invasions -- Chapter 20: Free-living amoebae in rivers and ponds and their multiple role in environmental health. . 
520 |a Rivers are the "blood vessels" of all living organisms on earth - they live in the water, drink the water or use it to spread into new regions in order to avoid overcrowding in specific locations. Since the early beginnings of human life on earth, riverbanks have been used as settlement sites, to provide food and for transport. However, since the oldest human cultures many agents of diseases have also spread along these rivers. Written by leading international parasitologists and physicians, this book discusses the involvement of rivers in the spread of diseases, but also their contributions to the development and destruction of human cultures. Examining past and current data, it shows how important and vulnerable river regions are and how they are increasingly endangered by pollution. 
650 0 |a Parasitology. 
650 0 |a Infectious diseases. 
650 0 |a Veterinary medicine. 
650 0 |a Aquatic ecology . 
650 0 |a Microbiology. 
650 0 |a Epidemiology. 
650 1 4 |a Parasitology.  |0 http://scigraph.springernature.com/things/product-market-codes/B19002 
650 2 4 |a Infectious Diseases.  |0 http://scigraph.springernature.com/things/product-market-codes/H33096 
650 2 4 |a Veterinary Microbiology, Parasitology and Infectious Diseases.  |0 http://scigraph.springernature.com/things/product-market-codes/H67020 
650 2 4 |a Freshwater & Marine Ecology.  |0 http://scigraph.springernature.com/things/product-market-codes/L19066 
650 2 4 |a Microbiology.  |0 http://scigraph.springernature.com/things/product-market-codes/L23004 
650 2 4 |a Epidemiology.  |0 http://scigraph.springernature.com/things/product-market-codes/H63000 
700 1 |a Mehlhorn, Heinz.  |e editor.  |4 edt  |4 http://id.loc.gov/vocabulary/relators/edt 
700 1 |a Klimpel, Sven.  |e editor.  |4 edt  |4 http://id.loc.gov/vocabulary/relators/edt 
710 2 |a SpringerLink (Online service) 
773 0 |t Springer eBooks 
776 0 8 |i Printed edition:  |z 9783030290603 
776 0 8 |i Printed edition:  |z 9783030290627 
776 0 8 |i Printed edition:  |z 9783030290634 
830 0 |a Parasitology Research Monographs,  |x 2192-3671 ;  |v 12 
856 4 0 |u https://doi.org/10.1007/978-3-030-29061-0  |z Full Text via HEAL-Link 
912 |a ZDB-2-SBL 
950 |a Biomedical and Life Sciences (Springer-11642)